[Event "Rapid Tournament (RAP)"]
[Site "Biel, CH"]
[Date "2025.07.13"]
[Round "7"]
[White "Gao, Kai"]
[Black "Gloeckler, Christian"]
[Result "0-1"]
[Board "8"]
[WhiteFideId "8607770"]
[BlackFideId "34608966"]
[BlackTitle "FM"]
[WhiteElo "1906"]
[BlackElo "2353"]
[WhiteTeam "CHN"]
[BlackTeam "GER"]
[WhiteClock "0:00:17"]
[BlackClock "0:00:20"]
[Variant "Standard"]

1. e4 {[%clk 0:15:08]}  c5 {[%clk 0:15:10]} 2. Nf3 {[%clk 0:15:09]}  d6 {[%clk 0:15:15]} 3. Bb5+ {[%clk 0:15:03]}  Nd7 {[%clk 0:15:19]} 4. a4 {[%clk 0:14:53]}  Ngf6 {[%clk 0:15:20]} 5. Nc3 {[%clk 0:14:48]}  g6 {[%clk 0:15:23]} 6. O-O {[%clk 0:14:51]}  a6 {[%clk 0:15:26]} 7. Bc4 {[%clk 0:14:52]}  Bg7 {[%clk 0:15:29]} 8. Re1 {[%clk 0:14:43]}  O-O {[%clk 0:15:28]} 9. d3 {[%clk 0:14:47]}  b6 {[%clk 0:15:01]} 10. h3 {[%clk 0:14:45]}  Bb7 {[%clk 0:15:03]} 11. Rb1 {[%clk 0:13:29]}  e6 {[%clk 0:14:33]} 12. Bf4 {[%clk 0:12:39]}  d5 {[%clk 0:14:02]} 13. Bb3 {[%clk 0:11:23]}  c4 {[%clk 0:13:11]} 14. dxc4 {[%clk 0:10:28]}  dxe4 {[%clk 0:13:02]} 15. Ng5 {[%clk 0:10:19]}  Nc5 {[%clk 0:11:19]} 16. Bd6 {[%clk 0:08:58]}  h6 {[%clk 0:10:44]} 17. Bxc5 {[%clk 0:08:55]}  bxc5 {[%clk 0:10:37]} 18. Qxd8 {[%clk 0:08:35]}  Rfxd8 {[%clk 0:10:18]} 19. Ngxe4 {[%clk 0:08:39]}  Nxe4 {[%clk 0:09:54]} 20. Nxe4 {[%clk 0:08:43]}  Bf8 {[%clk 0:09:54]} 21. f3 {[%clk 0:08:00]}  Rab8 {[%clk 0:08:49]} 22. Rbd1 {[%clk 0:07:55]}  Bc6 {[%clk 0:07:28]} 23. Kf2 {[%clk 0:06:47]}  f5 {[%clk 0:07:06]} 24. Nc3 {[%clk 0:06:57]}  Kf7 {[%clk 0:06:34]} 25. Rxd8 {[%clk 0:06:47]}  Rxd8 {[%clk 0:06:38]} 26. Rd1 {[%clk 0:06:50]}  Rc8 {[%clk 0:06:26]} 27. a5 {[%clk 0:06:45]}  Bg7 {[%clk 0:06:25]} 28. Rd3 {[%clk 0:06:23]}  Ke7 {[%clk 0:06:07]} 29. Ke2 {[%clk 0:04:17]}  Bd4 {[%clk 0:04:49]} 30. Na4 {[%clk 0:02:57]}  Rb8 {[%clk 0:03:38]} 31. Nb6 {[%clk 0:02:53]}  Bxb2 {[%clk 0:00:51]} 32. Ba4 {[%clk 0:02:21]}  Bxa4 {[%clk 0:00:41]} 33. Nxa4 {[%clk 0:02:25]}  Rb4 {[%clk 0:00:39]} 34. Nxc5 {[%clk 0:02:17]}  Rxc4 {[%clk 0:00:39]} 35. Nxa6 {[%clk 0:02:15]}  Bc3 {[%clk 0:00:29]} 36. Nb8 {[%clk 0:01:31]}  Bxa5 {[%clk 0:00:29]} 37. Kd1 {[%clk 0:01:33]}  Bc7 {[%clk 0:00:21]} 38. Rb3 {[%clk 0:01:19]}  Bf4 {[%clk 0:00:17]} 39. Rb7+ {[%clk 0:00:58]}  Kd8 {[%clk 0:00:15]} 40. Na6 {[%clk 0:00:53]}  Bd6 {[%clk 0:00:14]} 41. Kd2 {[%clk 0:00:48]}  Kc8 {[%clk 0:00:09]} 42. Rb6 {[%clk 0:00:32]}  Kd7 {[%clk 0:00:09]} 43. Kd3 {[%clk 0:00:18]}  Rc6 {[%clk 0:00:11]} 44. Rxc6 {[%clk 0:00:19]}  Kxc6 {[%clk 0:00:15]} 45. c3 {[%clk 0:00:23]}  Kb5 {[%clk 0:00:18]} 46. Nb4 {[%clk 0:00:24]}  Bc5 {[%clk 0:00:15]} 47. Nc2 {[%clk 0:00:26]}  e5 {[%clk 0:00:19]} 48. g4 {[%clk 0:00:22]}  Kc6 {[%clk 0:00:17]} 49. h4 {[%clk 0:00:14]}  h5 {[%clk 0:00:15]} 50. gxf5 {[%clk 0:00:13]}  gxf5 {[%clk 0:00:18]} 51. Ne3 {[%clk 0:00:07]}  Bxe3 {[%clk 0:00:10]} 52. Kxe3 {[%clk 0:00:11]}  Kd5 {[%clk 0:00:13]} 53. Kd3 {[%clk 0:00:15]}  Kc5 {[%clk 0:00:16]} 54. Kd2 {[%clk 0:00:15]}  Kc4 {[%clk 0:00:11]} 55. Kc2 {[%clk 0:00:20]}  Kb5 {[%clk 0:00:12]} 56. Kd3 {[%clk 0:00:20]}  Kc5 {[%clk 0:00:16]} 57. Kd2 {[%clk 0:00:24]}  Kd6 {[%clk 0:00:17]} 58. Kd3 {[%clk 0:00:27]}  Kd5 {[%clk 0:00:21]} 59. Kd2 {[%clk 0:00:25]}  Kc4 {[%clk 0:00:18]} 60. Kc2 {[%clk 0:00:30]}  Kc5 {[%clk 0:00:11]} 61. Kd3 {[%clk 0:00:32]}  Kb5 {[%clk 0:00:13]} 62. Kd2 {[%clk 0:00:32]}  Ka4 {[%clk 0:00:11]} 63. Ke3 {[%clk 0:00:22]}  Ka3 {[%clk 0:00:08]} 64. f4 {[%clk 0:00:15]}  e4 {[%clk 0:00:12]} 65. Kd4 {[%clk 0:00:19]}  Kb3 {[%clk 0:00:13]} 66. c4 {[%clk 0:00:23]}  e3 {[%clk 0:00:14]} 67. Kd3 {[%clk 0:00:13]}  e2 {[%clk 0:00:16]} 68. Kxe2 {[%clk 0:00:17]}  Kxc4 {[%clk 0:00:20]} 0-1

[Event "Rapid Tournament (RAP)"]
[Site "Biel, CH"]
[Date "2025.07.13"]
[Round "7"]
[White "Hajduk, Tomasz"]
[Black "Vincenti, Leonardo"]
[Result "1-0"]
[Board "9"]
[WhiteFideId "21811415"]
[BlackFideId "28550820"]
[BlackTitle "CM"]
[WhiteElo "1830"]
[BlackElo "2283"]
[WhiteTeam "POL"]
[BlackTeam "ITA"]
[WhiteClock "0:00:44"]
[BlackClock "0:01:15"]
[Variant "Standard"]

1. e4 {[%clk 0:15:08]}  c5 {[%clk 0:14:49]} 2. Nf3 {[%clk 0:15:11]}  a6 {[%clk 0:14:54]} 3. d4 {[%clk 0:15:12]}  cxd4 {[%clk 0:14:57]} 4. Nxd4 {[%clk 0:15:16]}  Nf6 {[%clk 0:14:59]} 5. Nc3 {[%clk 0:15:18]}  e5 {[%clk 0:15:03]} 6. Nf5 {[%clk 0:14:56]}  d5 {[%clk 0:15:00]} 7. Bg5 {[%clk 0:14:11]}  d4 {[%clk 0:13:15]} 8. Ne2 {[%clk 0:09:04]}  h6 {[%clk 0:11:18]} 9. Bxf6 {[%clk 0:08:24]}  Qxf6 {[%clk 0:11:21]} 10. Qd3 {[%clk 0:07:39]}  Nc6 {[%clk 0:10:50]} 11. a3 {[%clk 0:07:36]}  h5 {[%clk 0:10:16]} 12. h4 {[%clk 0:06:30]}  g6 {[%clk 0:10:17]} 13. Nfg3 {[%clk 0:06:31]}  Bh6 {[%clk 0:10:18]} 14. Qf3 {[%clk 0:05:44]}  Qe7 {[%clk 0:10:02]} 15. Nc1 {[%clk 0:05:35]}  Be6 {[%clk 0:09:25]} 16. Nb3 {[%clk 0:04:48]}  d3 {[%clk 0:08:25]} 17. Qxd3 {[%clk 0:03:31]}  Rd8 {[%clk 0:08:28]} 18. Qc3 {[%clk 0:03:03]}  Bxb3 {[%clk 0:08:17]} 19. Qxb3 {[%clk 0:02:28]}  Bd2+ {[%clk 0:08:06]} 20. Kd1 {[%clk 0:02:31]}  O-O {[%clk 0:06:22]} 21. Bd3 {[%clk 0:02:21]}  Nd4 {[%clk 0:06:25]} 22. Qa2 {[%clk 0:02:02]}  Bh6 {[%clk 0:05:50]} 23. Ne2 {[%clk 0:01:52]}  Qf6 {[%clk 0:02:53]} 24. Nxd4 {[%clk 0:00:40]}  Rxd4 {[%clk 0:02:57]} 25. Ke2 {[%clk 0:00:23]}  Qf4 {[%clk 0:03:01]} 26. Kf1 {[%clk 0:00:13]}  Rfd8 {[%clk 0:02:52]} 27. Rh3 {[%clk 0:00:17]}  R8d7 {[%clk 0:02:39]} 28. Re1 {[%clk 0:00:17]}  Qd2 {[%clk 0:02:18]} 29. Rf3 {[%clk 0:00:16]}  b5 {[%clk 0:02:04]} 30. Re2 {[%clk 0:00:19]}  Qa5 {[%clk 0:02:07]} 31. Re1 {[%clk 0:00:20]}  Qd8 {[%clk 0:02:07]} 32. g3 {[%clk 0:00:23]}  Kg7 {[%clk 0:02:05]} 33. Kg2 {[%clk 0:00:26]}  Qe7 {[%clk 0:01:45]} 34. Qb3 {[%clk 0:00:29]}  Qd6 {[%clk 0:01:13]} 35. Qc3 {[%clk 0:00:30]}  Rc7 {[%clk 0:01:13]} 36. Qb3 {[%clk 0:00:34]}  Qd7 {[%clk 0:01:07]} 37. Re2 {[%clk 0:00:23]}  Qg4 {[%clk 0:01:09]} 38. Re1 {[%clk 0:00:20]}  Re7 {[%clk 0:00:51]} 39. Be2 {[%clk 0:00:23]}  Qxe4 {[%clk 0:00:49]} 40. Kh2 {[%clk 0:00:20]}  Bd2 {[%clk 0:00:50]} 41. Re3 {[%clk 0:00:14]}  Bxe3 {[%clk 0:00:51]} 42. fxe3 {[%clk 0:00:18]}  Qxe3 {[%clk 0:00:42]} 43. Qxe3 {[%clk 0:00:21]}  Rd6 {[%clk 0:00:44]} 44. Rf1 {[%clk 0:00:24]}  Rc6 {[%clk 0:00:46]} 45. Bd3 {[%clk 0:00:26]}  f5 {[%clk 0:00:49]} 46. Qg5 {[%clk 0:00:27]}  Rf7 {[%clk 0:00:44]} 47. Rf2 {[%clk 0:00:31]}  e4 {[%clk 0:00:46]} 48. Bf1 {[%clk 0:00:33]}  Re6 {[%clk 0:00:47]} 49. a4 {[%clk 0:00:36]}  e3 {[%clk 0:00:39]} 50. Re2 {[%clk 0:00:38]}  Rfe7 {[%clk 0:00:44]} 51. Bg2 {[%clk 0:00:40]}  bxa4 {[%clk 0:00:45]} 52. Qf4 {[%clk 0:00:41]}  Kf6 {[%clk 0:00:25]} 53. Qxa4 {[%clk 0:00:43]}  Rd6 {[%clk 0:00:29]} 54. Qb4 {[%clk 0:00:41]}  Rde6 {[%clk 0:00:28]} 55. c4 {[%clk 0:00:41]}  g5 {[%clk 0:00:08]} 56. hxg5+ {[%clk 0:00:42]}  Kxg5 {[%clk 0:00:13]} 57. c5 {[%clk 0:00:42]}  a5 {[%clk 0:00:16]} 58. Qh4+ {[%clk 0:00:37]}  Kg6 {[%clk 0:00:20]} 59. Bf3 {[%clk 0:00:39]}  Rh7 {[%clk 0:00:17]} 60. c6 {[%clk 0:00:41]}  Re5 {[%clk 0:00:17]} 61. Qd8 {[%clk 0:00:24]}  h4 {[%clk 0:00:14]} 62. Qd6+ {[%clk 0:00:24]}  Kg5 {[%clk 0:00:16]} 63. Qxe5 {[%clk 0:00:21]}  hxg3+ {[%clk 0:00:19]} 64. Kxg3 {[%clk 0:00:23]}  a4 {[%clk 0:00:23]} 65. Qf4+ {[%clk 0:00:22]}  Kf6 {[%clk 0:00:27]} 66. Rxe3 {[%clk 0:00:24]}  Rg7+ {[%clk 0:00:31]} 67. Kf2 {[%clk 0:00:27]}  a3 {[%clk 0:00:35]} 68. bxa3 {[%clk 0:00:28]}  Ra7 {[%clk 0:00:38]} 69. Qe5+ {[%clk 0:00:29]}  Kg5 {[%clk 0:00:42]} 70. Qe7+ {[%clk 0:00:31]}  Rxe7 {[%clk 0:00:46]} 71. Rxe7 {[%clk 0:00:34]}  Kf6 {[%clk 0:00:51]} 72. Re1 {[%clk 0:00:37]}  f4 {[%clk 0:00:55]} 73. c7 {[%clk 0:00:39]}  Kf5 {[%clk 0:00:58]} 74. c8=Q+ {[%clk 0:00:41]}  Kg5 {[%clk 0:01:02]} 75. Rg1+ {[%clk 0:00:44]}  Kf6 {[%clk 0:01:07]} 76. Qc6+ {[%clk 0:00:45]}  Ke5 {[%clk 0:01:11]} 77. Rg5+ {[%clk 0:00:48]}  Kd4 {[%clk 0:01:15]} 78. Rd5# {[%clk 0:00:44]} 1-0

[Event "Rapid Tournament (RAP)"]
[Site "Biel, CH"]
[Date "2025.07.13"]
[Round "7"]
[White "Banh Gia Huy"]
[Black "Erne, Raphael"]
[Result "1-0"]
[Board "10"]
[WhiteFideId "12424714"]
[BlackFideId "1341928"]
[WhiteTitle "IM"]
[WhiteElo "2261"]
[BlackElo "2159"]
[WhiteTeam "VIE"]
[BlackTeam "SUI"]
[WhiteClock "0:00:41"]
[BlackClock "0:00:14"]
[Variant "Standard"]

1. e4 {[%clk 0:15:09]}  c6 {[%clk 0:15:07]} 2. Nf3 {[%clk 0:15:11]}  d5 {[%clk 0:15:09]} 3. Nc3 {[%clk 0:15:15]}  Nf6 {[%clk 0:14:52]} 4. e5 {[%clk 0:15:09]}  Ne4 {[%clk 0:14:55]} 5. Ne2 {[%clk 0:15:02]}  Qb6 {[%clk 0:14:58]} 6. d4 {[%clk 0:15:04]}  e6 {[%clk 0:15:00]} 7. Ng3 {[%clk 0:14:50]}  c5 {[%clk 0:15:03]} 8. Bd3 {[%clk 0:14:48]}  Nxg3 {[%clk 0:15:05]} 9. fxg3 {[%clk 0:14:35]}  cxd4 {[%clk 0:15:08]} 10. O-O {[%clk 0:14:18]}  Nc6 {[%clk 0:15:00]} 11. Qe2 {[%clk 0:13:52]}  h6 {[%clk 0:15:14]} 12. a3 {[%clk 0:13:17]}  Bd7 {[%clk 0:15:16]} 13. b4 {[%clk 0:12:27]}  Be7 {[%clk 0:15:12]} 14. g4 {[%clk 0:11:06]}  O-O-O {[%clk 0:11:44]} 15. Bf4 {[%clk 0:08:05]}  f6 {[%clk 0:10:07]} 16. Bg3 {[%clk 0:07:03]}  Rhf8 {[%clk 0:06:33]} 17. b5 {[%clk 0:07:22]}  Na5 {[%clk 0:06:17]} 18. Nh4 {[%clk 0:06:53]}  Be8 {[%clk 0:05:54]} 19. Rae1 {[%clk 0:06:38]}  Nc4 {[%clk 0:04:36]} 20. exf6 {[%clk 0:06:09]}  Bxf6 {[%clk 0:04:33]} 21. Qxe6+ {[%clk 0:05:14]}  Qxe6 {[%clk 0:04:36]} 22. Rxe6 {[%clk 0:05:17]}  Bd7 {[%clk 0:04:22]} 23. Re2 {[%clk 0:03:02]}  Ne3 {[%clk 0:04:06]} 24. Nf5 {[%clk 0:01:55]}  Nxf1 {[%clk 0:01:16]} 25. Kxf1 {[%clk 0:01:58]}  Bxf5 {[%clk 0:00:37]} 26. Bxf5+ {[%clk 0:01:59]}  Rd7 {[%clk 0:00:41]} 27. Bd6 {[%clk 0:01:11]}  Rh8 {[%clk 0:00:37]} 28. Rd2 {[%clk 0:00:24]}  Kd8 {[%clk 0:00:24]} 29. Bxd7 {[%clk 0:00:27]}  Kxd7 {[%clk 0:00:28]} 30. Bc5 {[%clk 0:00:30]}  a6 {[%clk 0:00:13]} 31. bxa6 {[%clk 0:00:24]}  bxa6 {[%clk 0:00:18]} 32. Bxd4 {[%clk 0:00:27]}  Bxd4 {[%clk 0:00:15]} 33. Rxd4 {[%clk 0:00:30]}  Ke6 {[%clk 0:00:12]} 34. Ke2 {[%clk 0:00:27]}  Rc8 {[%clk 0:00:12]} 35. Kd3 {[%clk 0:00:31]}  Ke5 {[%clk 0:00:11]} 36. Ra4 {[%clk 0:00:34]}  Rc6 {[%clk 0:00:15]} 37. g3 {[%clk 0:00:38]}  g6 {[%clk 0:00:11]} 38. Ra5 {[%clk 0:00:27]}  g5 {[%clk 0:00:07]} 39. h3 {[%clk 0:00:29]}  Kd6 {[%clk 0:00:09]} 40. Ra4 {[%clk 0:00:29]}  Ke5 {[%clk 0:00:13]} 41. Rb4 {[%clk 0:00:31]}  Rd6 {[%clk 0:00:08]} 42. a4 {[%clk 0:00:29]}  Rc6 {[%clk 0:00:11]} 43. c4 {[%clk 0:00:20]}  dxc4+ {[%clk 0:00:11]} 44. Rxc4 {[%clk 0:00:24]}  Rd6+ {[%clk 0:00:15]} 45. Kc3 {[%clk 0:00:27]}  Rb6 {[%clk 0:00:12]} 46. Rc8 {[%clk 0:00:21]}  Ke4 {[%clk 0:00:12]} 47. Rf8 {[%clk 0:00:21]}  a5 {[%clk 0:00:08]} 48. Rf5 {[%clk 0:00:25]}  Rc6+ {[%clk 0:00:13]} 49. Kb3 {[%clk 0:00:22]}  Rd6 {[%clk 0:00:13]} 50. Rxa5 {[%clk 0:00:08]}  Rd3+ {[%clk 0:00:17]} 51. Kb4 {[%clk 0:00:10]}  Rxg3 {[%clk 0:00:21]} 52. Rc5 {[%clk 0:00:13]}  Rxh3 {[%clk 0:00:22]} 53. a5 {[%clk 0:00:17]}  Rh1 {[%clk 0:00:20]} 54. a6 {[%clk 0:00:21]}  Rb1+ {[%clk 0:00:21]} 55. Ka5 {[%clk 0:00:24]}  Kf3 {[%clk 0:00:18]} 56. Rc4 {[%clk 0:00:24]}  h5 {[%clk 0:00:15]} 57. a7 {[%clk 0:00:24]}  Ra1+ {[%clk 0:00:15]} 58. Ra4 {[%clk 0:00:28]}  Rxa4+ {[%clk 0:00:13]} 59. Kxa4 {[%clk 0:00:32]}  Kxg4 {[%clk 0:00:08]} 60. a8=Q {[%clk 0:00:35]}  h4 {[%clk 0:00:11]} 61. Qg2 {[%clk 0:00:31]}  Kf4 {[%clk 0:00:14]} 62. Qh3 {[%clk 0:00:41]} 1-0

[Event "Rapid Tournament (RAP)"]
[Site "Biel, CH"]
[Date "2025.07.13"]
[Round "7"]
[White "Chen, Yuan"]
[Black "Vilaseca, Laurent"]
[Result "1-0"]
[Board "11"]
[WhiteFideId "8618860"]
[BlackFideId "1310240"]
[WhiteElo "2248"]
[BlackElo "2044"]
[WhiteTeam "CHN"]
[BlackTeam "SUI"]
[WhiteClock "0:13:33"]
[BlackClock "0:08:31"]
[Variant "Standard"]

1. e4 {[%clk 0:15:06]}  c6 {[%clk 0:15:04]} 2. d4 {[%clk 0:15:05]}  d5 {[%clk 0:15:02]} 3. exd5 {[%clk 0:15:05]}  cxd5 {[%clk 0:15:06]} 4. Bd3 {[%clk 0:15:09]}  Nf6 {[%clk 0:15:05]} 5. c3 {[%clk 0:15:05]}  Bg4 {[%clk 0:15:00]} 6. f3 {[%clk 0:15:05]}  Bd7 {[%clk 0:14:41]} 7. Ne2 {[%clk 0:14:58]}  e6 {[%clk 0:14:40]} 8. Bf4 {[%clk 0:14:52]}  Nc6 {[%clk 0:14:34]} 9. g4 {[%clk 0:14:55]}  Be7 {[%clk 0:13:49]} 10. Ng3 {[%clk 0:14:52]}  Ng8 {[%clk 0:12:28]} 11. Nd2 {[%clk 0:14:23]}  Bg5 {[%clk 0:12:10]} 12. Bxg5 {[%clk 0:14:17]}  Qxg5 {[%clk 0:12:13]} 13. Nb3 {[%clk 0:14:17]}  Qe3+ {[%clk 0:11:05]} 14. Qe2 {[%clk 0:14:16]}  Qxe2+ {[%clk 0:11:07]} 15. Kxe2 {[%clk 0:14:16]}  Nge7 {[%clk 0:11:00]} 16. f4 {[%clk 0:14:07]}  Nc8 {[%clk 0:10:55]} 17. h4 {[%clk 0:13:41]}  Nd6 {[%clk 0:10:27]} 18. Kd2 {[%clk 0:13:33]}  O-O-O {[%clk 0:10:08]} 19. Rae1 {[%clk 0:13:31]}  Rde8 {[%clk 0:09:33]} 20. Nh5 {[%clk 0:13:30]}  g6 {[%clk 0:09:17]} 21. Nf6 {[%clk 0:13:31]}  Re7 {[%clk 0:09:09]} 22. Nc5 {[%clk 0:13:34]}  Nb8 {[%clk 0:08:47]} 23. h5 {[%clk 0:13:31]}  Ne8 {[%clk 0:08:31]} 24. Nxd5 {[%clk 0:13:33]} 1-0

[Event "Rapid Tournament (RAP)"]
[Site "Biel, CH"]
[Date "2025.07.13"]
[Round "7"]
[White "Degtiarev, Evgeny"]
[Black "He, Junchen"]
[Result "0-1"]
[Board "12"]
[WhiteFideId "4149610"]
[BlackFideId "8642427"]
[WhiteTitle "IM"]
[WhiteElo "2331"]
[BlackElo "2007"]
[WhiteTeam "GER"]
[BlackTeam "CHN"]
[WhiteClock "0:00:47"]
[BlackClock "0:00:53"]
[Variant "Standard"]

1. d4 {[%clk 0:15:09]}  Nf6 {[%clk 0:15:04]} 2. c4 {[%clk 0:15:12]}  e6 {[%clk 0:15:07]} 3. Nc3 {[%clk 0:15:15]}  Bb4 {[%clk 0:15:10]} 4. e3 {[%clk 0:15:19]}  O-O {[%clk 0:15:13]} 5. Nge2 {[%clk 0:15:22]}  Re8 {[%clk 0:14:45]} 6. a3 {[%clk 0:15:11]}  Bf8 {[%clk 0:15:09]} 7. g3 {[%clk 0:14:48]}  d5 {[%clk 0:14:55]} 8. cxd5 {[%clk 0:15:12]}  exd5 {[%clk 0:14:53]} 9. Bg2 {[%clk 0:15:16]}  c6 {[%clk 0:14:44]} 10. O-O {[%clk 0:14:29]}  a5 {[%clk 0:14:06]} 11. Nf4 {[%clk 0:14:23]}  h6 {[%clk 0:12:43]} 12. f3 {[%clk 0:12:00]}  Na6 {[%clk 0:11:35]} 13. e4 {[%clk 0:11:24]}  Nc7 {[%clk 0:10:40]} 14. e5 {[%clk 0:09:30]}  Nh7 {[%clk 0:07:24]} 15. Kh1 {[%clk 0:07:43]}  Ng5 {[%clk 0:08:50]} 16. h4 {[%clk 0:04:11]}  Nge6 {[%clk 0:08:51]} 17. Nh5 {[%clk 0:04:02]}  c5 {[%clk 0:07:51]} 18. dxc5 {[%clk 0:03:47]}  Nxc5 {[%clk 0:07:32]} 19. f4 {[%clk 0:02:49]}  d4 {[%clk 0:06:21]} 20. Ne4 {[%clk 0:03:51]}  Nxe4 {[%clk 0:05:59]} 21. Bxe4 {[%clk 0:03:54]}  Ne6 {[%clk 0:04:52]} 22. Bd2 {[%clk 0:02:54]}  Nc5 {[%clk 0:04:31]} 23. Bg2 {[%clk 0:02:31]}  Bf5 {[%clk 0:04:11]} 24. b4 {[%clk 0:02:14]}  Ne4 {[%clk 0:03:44]} 25. Kh2 {[%clk 0:01:17]}  d3 {[%clk 0:02:07]} 26. bxa5 {[%clk 0:00:54]}  Qd4 {[%clk 0:02:11]} 27. Rb1 {[%clk 0:00:29]}  Rac8 {[%clk 0:02:02]} 28. Rxb7 {[%clk 0:00:16]}  Rc2 {[%clk 0:02:03]} 29. Bb4 {[%clk 0:00:10]}  Qd5 {[%clk 0:01:46]} 30. a6 {[%clk 0:00:11]}  Rxg2+ {[%clk 0:01:45]} 31. Kxg2 {[%clk 0:00:15]}  Nc3+ {[%clk 0:01:00]} 32. Qf3 {[%clk 0:00:18]}  Be4 {[%clk 0:00:55]} 33. Bxc3 {[%clk 0:00:17]}  Bxf3+ {[%clk 0:01:07]} 34. Rxf3 {[%clk 0:00:21]}  d2 {[%clk 0:01:11]} 35. Bxd2 {[%clk 0:00:16]}  Qxd2+ {[%clk 0:01:15]} 36. Rf2 {[%clk 0:00:15]}  Qd5+ {[%clk 0:01:15]} 37. Kh2 {[%clk 0:00:13]}  Bc5 {[%clk 0:00:56]} 38. Rfb2 {[%clk 0:00:13]}  Qd1 {[%clk 0:00:43]} 39. a7 {[%clk 0:00:15]}  Qg1+ {[%clk 0:00:22]} 40. Kh3 {[%clk 0:00:19]}  Qf1+ {[%clk 0:00:24]} 41. Kg4 {[%clk 0:00:07]}  Qd1+ {[%clk 0:00:27]} 42. Kh3 {[%clk 0:00:16]}  Qxh5 {[%clk 0:00:20]} 43. Rb8 {[%clk 0:00:12]}  Qf5+ {[%clk 0:00:22]} 44. Kh2 {[%clk 0:00:20]}  Bxa7 {[%clk 0:00:22]} 45. Rxe8+ {[%clk 0:00:24]}  Kh7 {[%clk 0:00:21]} 46. Rd8 {[%clk 0:00:22]}  Qe4 {[%clk 0:00:20]} 47. Rdd2 {[%clk 0:00:13]}  Qe1 {[%clk 0:00:21]} 48. Rg2 {[%clk 0:00:09]}  Bd4 {[%clk 0:00:17]} 49. Ra2 {[%clk 0:00:13]}  Qc1 {[%clk 0:00:16]} 50. a4 {[%clk 0:00:17]}  Qc6 {[%clk 0:00:14]} 51. a5 {[%clk 0:00:18]}  Qa6 {[%clk 0:00:18]} 52. Rgc2 {[%clk 0:00:19]}  Kg6 {[%clk 0:00:15]} 53. Kg2 {[%clk 0:00:20]}  Kf5 {[%clk 0:00:18]} 54. Rd2 {[%clk 0:00:19]}  Bc5 {[%clk 0:00:16]} 55. Kf3 {[%clk 0:00:18]}  Qf1+ {[%clk 0:00:09]} 56. Rf2 {[%clk 0:00:18]}  Bxf2 {[%clk 0:00:23]} 57. Rxf2 {[%clk 0:00:21]}  Qd3+ {[%clk 0:00:26]} 58. Kg2 {[%clk 0:00:25]}  Kg4 {[%clk 0:00:26]} 59. a6 {[%clk 0:00:23]}  Qxg3+ {[%clk 0:00:30]} 60. Kf1 {[%clk 0:00:27]}  Qd3+ {[%clk 0:00:34]} 61. Kg2 {[%clk 0:00:31]}  Qxa6 {[%clk 0:00:38]} 62. Kh2 {[%clk 0:00:33]}  Kf5 {[%clk 0:00:38]} 63. Kg2 {[%clk 0:00:36]}  Qc6+ {[%clk 0:00:42]} 64. Kh2 {[%clk 0:00:40]}  Qc5 {[%clk 0:00:42]} 65. Kg2 {[%clk 0:00:44]}  Qe3 {[%clk 0:00:46]} 66. Kg1 {[%clk 0:00:47]}  Qg3+ {[%clk 0:00:50]} 67. Kf1 {[%clk 0:00:51]}  Qxh4 {[%clk 0:00:53]} 68. Kg1 {[%clk 0:00:47]} 0-1

[Event "Rapid Tournament (RAP)"]
[Site "Biel, CH"]
[Date "2025.07.13"]
[Round "7"]
[White "Vemparala, Nikash"]
[Black "Javet, Blaise"]
[Result "1-0"]
[Board "13"]
[WhiteFideId "30960967"]
[BlackFideId "1305026"]
[WhiteTitle "CM"]
[WhiteElo "2178"]
[BlackElo "1995"]
[WhiteTeam "USA"]
[BlackTeam "SUI"]
[WhiteClock "0:10:06"]
[BlackClock "0:01:56"]
[Variant "Standard"]

1. c4 {[%clk 0:15:08]}  e5 {[%clk 0:14:57]} 2. g3 {[%clk 0:15:10]}  Nf6 {[%clk 0:14:58]} 3. Bg2 {[%clk 0:15:14]}  c6 {[%clk 0:15:01]} 4. d4 {[%clk 0:15:18]}  exd4 {[%clk 0:14:22]} 5. Qxd4 {[%clk 0:15:21]}  Be7 {[%clk 0:13:25]} 6. Nc3 {[%clk 0:15:22]}  O-O {[%clk 0:13:27]} 7. e4 {[%clk 0:15:23]}  Na6 {[%clk 0:13:29]} 8. Nge2 {[%clk 0:15:23]}  Bc5 {[%clk 0:12:56]} 9. Qd1 {[%clk 0:15:15]}  Re8 {[%clk 0:12:59]} 10. O-O {[%clk 0:15:15]}  h6 {[%clk 0:12:37]} 11. a3 {[%clk 0:15:17]}  Bf8 {[%clk 0:12:01]} 12. b4 {[%clk 0:15:12]}  d6 {[%clk 0:11:52]} 13. Bb2 {[%clk 0:15:11]}  Be6 {[%clk 0:11:42]} 14. Qd3 {[%clk 0:15:09]}  Ng4 {[%clk 0:10:50]} 15. f4 {[%clk 0:10:08]}  Qb6+ {[%clk 0:06:13]} 16. Nd4 {[%clk 0:12:43]}  Rad8 {[%clk 0:06:15]} 17. Na4 {[%clk 0:12:35]}  Qc7 {[%clk 0:06:18]} 18. Nxe6 {[%clk 0:12:20]}  fxe6 {[%clk 0:06:00]} 19. h3 {[%clk 0:12:13]}  Nf6 {[%clk 0:06:11]} 20. Qe3 {[%clk 0:12:03]}  d5 {[%clk 0:05:47]} 21. Bxf6 {[%clk 0:11:23]}  gxf6 {[%clk 0:05:51]} 22. Nb2 {[%clk 0:11:14]}  d4 {[%clk 0:05:46]} 23. Qe2 {[%clk 0:11:09]}  Qg7 {[%clk 0:05:29]} 24. Kh2 {[%clk 0:11:03]}  c5 {[%clk 0:05:25]} 25. b5 {[%clk 0:10:55]}  Nc7 {[%clk 0:05:18]} 26. Nd3 {[%clk 0:10:47]}  b6 {[%clk 0:05:21]} 27. a4 {[%clk 0:10:43]}  Kh8 {[%clk 0:04:57]} 28. a5 {[%clk 0:10:43]}  bxa5 {[%clk 0:04:30]} 29. Rxa5 {[%clk 0:10:46]}  Na8 {[%clk 0:04:34]} 30. e5 {[%clk 0:10:19]}  Rc8 {[%clk 0:03:53]} 31. exf6 {[%clk 0:10:19]}  Qxf6 {[%clk 0:03:46]} 32. Rxa7 {[%clk 0:10:22]}  Nb6 {[%clk 0:03:49]} 33. Ne5 {[%clk 0:10:13]}  Re7 {[%clk 0:03:34]} 34. Ra6 {[%clk 0:10:01]}  Nd7 {[%clk 0:03:32]} 35. Nxd7 {[%clk 0:10:02]}  Rxd7 {[%clk 0:03:31]} 36. Rxe6 {[%clk 0:10:05]}  Qf5 {[%clk 0:03:18]} 37. Re5 {[%clk 0:10:04]}  Qf7 {[%clk 0:03:19]} 38. Bd5 {[%clk 0:10:06]}  Qf6 {[%clk 0:03:08]} 39. Be6 {[%clk 0:10:06]}  d3 {[%clk 0:02:43]} 40. Qd2 {[%clk 0:10:07]}  Rcd8 {[%clk 0:02:42]} 41. Bxd7 {[%clk 0:10:10]}  Rxd7 {[%clk 0:02:46]} 42. Rf3 {[%clk 0:10:08]}  Qg6 {[%clk 0:02:11]} 43. Rd5 {[%clk 0:10:11]}  Bg7 {[%clk 0:01:56]} 44. Rxd7 {[%clk 0:10:06]} 1-0